Microsoft azure architect technologies and design complete study guide : (Record no. 33355)

MARC details
000 -LEADER
fixed length control field 00865nam a22002775i 4500
005 - DATE AND TIME OF LATEST TRANSACTION
control field 20230831151848.0
008 - FIXED-LENGTH DATA ELEMENTS--GENERAL INFORMATION
fixed length control field 200702s2020 inu 000 0 eng
010 ## - LIBRARY OF CONGRESS CONTROL NUMBER
LC control number 2020941635
020 ## - INTERNATIONAL STANDARD BOOK NUMBER
ISBN 9781119559535
Qualifying information (paperback)
040 ## - CATALOGING SOURCE
Original cataloging agency DLC
Language of cataloging eng
Description conventions rda
Transcribing agency DLC
042 ## - AUTHENTICATION CODE
Authentication code pcc
082 ## - DEWEY DECIMAL CLASSIFICATION NUMBER
Classification number 004.6782
Item number PAN-M
100 1# - MAIN ENTRY--AUTHOR
Author Name Panek, Crystal,
245 10 - TITLE STATEMENT
Title Microsoft azure architect technologies and design complete study guide :
Remainder of title exams az-303 and az-304 /
Statement of responsibility, etc. Crystal Panek.
260 ## - PUBLICATION, DISTRIBUTION, ETC.
Place of Publication Canada:
Name of publisher, distributor, etc. Wiley,
Date of publication, distribution, etc. 2021.
300 ## - PHYSICAL DESCRIPTION
Pages 716 pages :
336 ## - CONTENT TYPE
Content type term text
Content type code txt
Source rdacontent
337 ## - MEDIA TYPE
Media type term unmediated
Media type code n
Source rdamedia
338 ## - CARRIER TYPE
Carrier type term volume
Carrier type code nc
Source rdacarrier
650 ## - SUBJECT ADDED ENTRY--TOPICAL TERM
Subject / Department Electronic Data
263 ## - PROJECTED PUBLICATION DATE
Projected publication date 2009
264 #1 - PRODUCTION, PUBLICATION, DISTRIBUTION, MANUFACTURE, AND COPYRIGHT NOTICE
Place of production, publication, distribution, manufacture Indianapolis :
Name of producer, publisher, distributor, manufacturer John Wiley and Sons,
Date of production, publication, distribution, manufacture, or copyright notice 2020.
906 ## - LOCAL DATA ELEMENT F, LDF (RLIN)
a 0
b ibc
c orignew
d 2
e epcn
f 20
g y-gencatlg
952 ## - LOCATION AND ITEM INFORMATION (KOHA)
-- 0
-- 0
Holdings
Lost status Damaged status Permanent Location Current Location Shelving Location Date acquired Full Call Number Accession No./Barcode Date last seen item type
    Superior Information Resource Center (SIRC) Superior University- Gold Campus Superior Information Resource Center (SIRC) Superior University- Gold Campus Electronic Data 08/31/2023 004.6782 PAN-M 2021 19747 08/31/2023 BOOK

Powered by Koha